| 000 | 00614 a2200241 4500 | ||
|---|---|---|---|
| 005 | 20250304103148.0 | ||
| 008 | 250220b |||||||| |||| 00| 0 eng d | ||
| 020 |
_a9789360532062 _cRs. 1095.00 |
||
| 040 | _aMAIN | ||
| 082 |
_a658.8 _bH977B(13) |
||
| 100 | _aHutt, Michael D | ||
| 245 | _aB2B marketing: A South-Asian perspective | ||
| 250 | _a13th | ||
| 260 |
_bCengage India _aDelhi _c2024 |
||
| 300 | _av. | ||
| 650 | _aManagement | ||
| 650 | _aMarketing | ||
| 650 | _aBusiness Marketing | ||
| 700 | _aSharma, Dheeraj | ||
| 700 | _aSpeh. Thomas W | ||
| 700 | _aHoffman, K Douglas | ||
| 942 | _cBK | ||
| 999 |
_c359969 _d359969 |
||